| 000 | 00392nam a2200169Ia 4500 | ||
|---|---|---|---|
| 005 | 20240823010829.0 | ||
| 008 | 240823s9999||||xx |||||||||||||| ||und|| | ||
| 082 | _A658.802 N9 | ||
| 100 | _aXavier M J | ||
| 245 | 0 | _aStrategic Marketing | |
| 250 | _a1st | ||
| 260 |
_c1999 _b"RB,New Delhi" |
||
| 500 | _aYES | ||
| 650 |
_aManagement _bManagement Studies |
||
| 942 | _cBK | ||
| 999 |
_c159769 _d159769 |
||